[Event "PILSEN OPEN 2018 - FIDE open"]
[Site "Plzen"]
[Date "2018.11.19"]
[Round "2"]
[White "Molnar, Ladislav"]
[Black "Ochedzan, Robert"]
[Result "1-0"]
[WhiteElo "1779"]
[BlackElo "1562"]
[PlyCount "55"]
[EventDate "2018.11.18"]

1. e4 e6 2. d4 d5 3. e5 c5 4. Be3 cxd4 5. Bxd4 Nc6 6. f4 Nxd4 7. Qxd4 Ne7 8.
Nf3 Ng6 9. g3 Bd7 10. Nbd2 Qc7 11. Bd3 b5 12. b3 b4 13. h4 Bc5 14. Qb2 a5 15.
h5 Ne7 16. Rh2 Nf5 17. Bxf5 exf5 18. h6 Qb6 19. hxg7 Rg8 20. O-O-O Qg6 21. Nf1
Be6 22. Nd4 Qxg7 23. Rh5 Qg6 24. Rg5 Qxg5 25. fxg5 Rxg5 26. Rd3 Rg4 27. Nb5 a4
28. Nc7+ 1-0

[Event "PILSEN OPEN 2018 - FIDE open"]
[Site "Plzen"]
[Date "2018.11.19"]
[Round "2"]
[White "Bjornas, Vidar"]
[Black "Von Keyserlingk, Chanda"]
[Result "1/2-1/2"]
[WhiteElo "1412"]
[BlackElo "1745"]
[PlyCount "120"]
[EventDate "2018.11.18"]

1. d4 d5 2. c4 Nf6 3. Nc3 e6 4. Bg5 Be7 5. e3 O-O 6. Nf3 h6 7. Bh4 Ne4 8. Bxe7
Qxe7 9. cxd5 Nxc3 10. bxc3 exd5 11. h3 Nd7 12. Bd3 Nf6 13. O-O Ne4 14. Qc2 Nf6
15. Rfe1 Bd7 16. c4 dxc4 17. Bxc4 c6 18. Ne5 Be6 19. Rab1 Nd5 20. Rb3 Nb4 21.
Qd2 Bxc4 22. Nxc4 Nd5 23. Ne5 Rfd8 24. Qb2 Nb6 25. f4 f6 26. Ng6 Qf7 27. f5
Rab8 28. Qe2 Re8 29. Qf2 Re4 30. Kf1 Rbe8 31. g4 Nd5 32. Kg1 b6 33. Kg2 Nc7 34.
Rc3 Qd5 35. Kg1 Nb5 36. Rcc1 Nd6 37. Nf4 Qb5 38. Rb1 Qa6 39. Rbc1 Qa4 40. Ne6
Nf7 41. Qc2 Qxc2 42. Rxc2 Ng5 43. Nxg5 hxg5 44. Kf2 c5 45. dxc5 bxc5 46. Rxc5
Ra4 47. Rc2 Ra3 48. Rce2 Re4 49. Kg3 Raa4 50. Rd1 Kh7 51. Kf3 Re7 52. Rh1 Ree4
53. h4 Rxg4 54. hxg5+ Kg8 55. gxf6 gxf6 56. Rhh2 Rg5 57. Rhg2 Kf7 58. Rxg5 fxg5
59. e4 Kf6 60. Kg4 Rd4 1/2-1/2

[Event "PILSEN OPEN 2018 - FIDE open"]
[Site "Plzen"]
[Date "2018.11.20"]
[Round "3"]
[White "Hajek, Jiri"]
[Black "Jurek, Josef"]
[Result "0-1"]
[WhiteElo "2078"]
[BlackElo "2248"]
[PlyCount "68"]
[EventDate "2018.11.18"]

1. b3 {[%emt 0:00:00]} d5 2. Bb2 Bg4 3. Nf3 Bxf3 4. exf3 e6 5. Bd3 Nf6 6. O-O
g6 7. Nc3 Bg7 8. Ba3 Nbd7 9. Na4 c6 10. Rb1 Qa5 11. Bb2 O-O 12. Bc3 Qc7 13. Bb2
b5 14. Nc3 b4 15. Ne2 Nc5 16. Nc1 Nxd3 17. Nxd3 c5 18. Be5 Qe7 19. Qc1 a5 20.
Qb2 Rfc8 21. Rfe1 a4 22. g4 h6 23. f4 Nxg4 24. Bxg7 Qh4 25. Kg2 c4 26. Ne5 c3
27. dxc3 Qxf2+ 28. Kh3 Rxc3+ 29. Nd3 Qxh2+ 30. Kxg4 Qg2+ 31. Kh4 Rxc2 32. Re3
g5+ 33. fxg5 Qxg5+ 34. Kh3 Qxe3+ 1-0

[Event "PILSEN OPEN 2018 - FIDE open"]
[Site "Plzen"]
[Date "2018.11.20"]
[Round "3"]
[White "Paldus, Petr"]
[Black "Jezek, Jan"]
[Result "1/2-1/2"]
[WhiteElo "2014"]
[BlackElo "2171"]
[PlyCount "97"]
[EventDate "2018.11.18"]

1. e4 g6 2. d4 Bg7 3. Nc3 d6 4. Bg5 a6 5. Nf3 b5 6. a4 b4 7. Nd5 h6 8. Be3 a5
9. c3 e6 10. Nf4 bxc3 11. bxc3 Nf6 12. Bd3 O-O 13. h3 Nc6 14. O-O e5 15. Ne2
exd4 16. Nexd4 Nxd4 17. cxd4 Ba6 18. Rb1 Qd7 19. Bxa6 Rxa6 20. Qd3 Raa8 21. Rb5
Qe6 22. Nd2 Nd7 23. Qc4 Rfc8 24. Qxe6 fxe6 25. Nc4 Nf6 26. Nd2 d5 27. f3 Nd7
28. exd5 exd5 29. Rxd5 Nb6 30. Rb5 Nxa4 31. Nc4 Nc3 32. Rxa5 Rxa5 33. Nxa5 Ne2+
34. Kf2 Nxd4 35. Rd1 c5 36. Nb7 Nb3 37. Nd8 c4 38. Ne6 Bf6 39. Bxh6 c3 40. Rb1
Rb8 41. Be3 c2 42. Rf1 Re8 43. Nf4 Rxe3 44. Kxe3 Bg5 45. h4 Bh6 46. g4 c1=Q+
47. Rxc1 Bxf4+ 48. Kxf4 Nxc1 49. Kg5 1/2-1/2

[Event "PILSEN OPEN 2018 - FIDE open"]
[Site "Plzen"]
[Date "2018.11.20"]
[Round "3"]
[White "Palek, Miroslav"]
[Black "Vlk, Miloslav"]
[Result "1-0"]
[WhiteElo "2166"]
[BlackElo "1978"]
[PlyCount "77"]
[EventDate "2018.11.18"]

1. e4 e5 2. Nf3 Nf6 3. d3 Nc6 4. Be2 d5 5. Nbd2 Bc5 6. O-O O-O 7. h3 h6 8. c3
Be6 9. b4 Bd6 10. Bb2 Ne7 11. Nxe5 Bxe5 12. f4 dxe4 13. fxe5 exd3 14. exf6 dxe2
15. Qxe2 Nf5 16. fxg7 Re8 17. Qf2 Qd3 18. Rfe1 Rad8 19. Ne4 Kxg7 20. c4+ Kg6
21. Qf4 Nd4 22. Re3 f5 23. Qg3+ Kf7 24. Qxc7+ Re7 25. Qg3 Rdd7 26. Rxd3 Ne2+
27. Kh2 Nxg3 28. Rxd7 Rxd7 29. Nxg3 Rd2 30. Be5 Bxc4 31. Re1 Kg6 32. a4 a6 33.
Nf1 Ra2 34. Ne3 Bd3 35. Nd5 Be4 36. Nf4+ Kg5 37. a5 Rf2 38. Kg3 Ra2 39. h4# 1-0

[Event "PILSEN OPEN 2018 - FIDE open"]
[Site "Plzen"]
[Date "2018.11.20"]
[Round "3"]
[White "Plischki, Sebastian"]
[Black "Richters, Marc"]
[Result "1-0"]
[WhiteElo "2419"]
[BlackElo "1927"]
[PlyCount "101"]
[EventDate "2018.11.18"]

1. d4 Nf6 2. c4 d6 3. Nf3 g6 4. g3 Bg7 5. Bg2 O-O 6. Nc3 c6 7. O-O Qb6 8. b3
Qa6 9. Ne1 Qa5 10. Bb2 Qh5 11. e4 Bg4 12. f3 Bh3 13. Bxh3 Qxh3 14. Nd3 Nh5 15.
Nf2 Qd7 16. Kg2 b5 17. cxb5 cxb5 18. Qd3 b4 19. Nd5 Nc6 20. Rfc1 Rac8 21. Qb5
Rfe8 22. Nxb4 a6 23. Qa4 Bh6 24. Rxc6 f5 25. Rxc8 Qxc8 26. Rc1 Bxc1 27. Bxc1
fxe4 28. fxe4 Rf8 29. Bh6 Re8 30. Qxa6 Qd7 31. Qc6 Qd8 32. d5 Nf6 33. Qc2 Qb6
34. Nc6 e6 35. Qb2 e5 36. a4 Qc5 37. Qe2 Kh8 38. b4 Qc3 39. Qf3 Qxf3+ 40. Kxf3
Ng8 41. Be3 Kg7 42. a5 Nf6 43. a6 Rf8 44. Ke2 Ne8 45. Bb6 Nf6 46. a7 Nd7 47.
Bc7 Ra8 48. Bxd6 Kf6 49. Ng4+ Kg5 50. Ngxe5 Nf6 51. Be7 1-0

[Event "PILSEN OPEN 2018 - FIDE open"]
[Site "Plzen"]
[Date "2018.11.20"]
[Round "3"]
[White "Michalczak, Thomas"]
[Black "Giemsa, Alexander"]
[Result "1-0"]
[WhiteElo "2163"]
[BlackElo "1921"]
[PlyCount "55"]
[EventDate "2018.11.18"]

1. e4 e5 2. Nf3 f5 3. Nxe5 Nf6 4. exf5 Qe7 5. Qe2 d6 6. Nf3 Bxf5 7. d3 Nc6 8.
c3 O-O-O 9. Qxe7 Nxe7 10. Be2 Re8 11. O-O Ned5 12. Re1 h5 13. Na3 h4 14. h3 Nh5
15. Nxh4 Bxd3 16. Bg4+ Kd8 17. Rxe8+ Kxe8 18. Bg5 Be7 19. Bxe7 Nxe7 20. Rd1 Ba6
21. Re1 Kd8 22. Rxe7 Nf6 23. Ng6 Bd3 24. Rxg7 Rh6 25. Nf4 Be4 26. Ne6+ Ke8 27.
Nb5 Nxg4 28. Nbxc7# 1-0

[Event "PILSEN OPEN 2018 - FIDE open"]
[Site "Plzen"]
[Date "2018.11.20"]
[Round "3"]
[White "Vachal, Josef"]
[Black "Barbier, Wim"]
[Result "0-1"]
[WhiteElo "1807"]
[BlackElo "2077"]
[PlyCount "138"]
[EventDate "2018.11.18"]

1. e4 d6 2. d4 Nf6 3. Nc3 e5 4. d5 Be7 5. Bd3 O-O 6. f3 Nh5 7. Nge2 Bg5 8. Bd2
h6 9. Qc1 g6 10. Bxg5 Qxg5 11. Qxg5 hxg5 12. g4 Nf6 13. O-O-O Kg7 14. h4 gxh4
15. Rxh4 Rh8 16. Rdh1 Rxh4 17. Rxh4 Nh7 18. Kd2 Ng5 19. Ke3 a6 20. a4 Nd7 21.
Ng3 c6 22. b4 Nf6 23. Rh1 Bd7 24. b5 axb5 25. dxc6 bxc6 26. axb5 cxb5 27. Nxb5
Bxb5 28. Bxb5 Ra3+ 29. Bd3 d5 30. Rf1 dxe4 31. fxe4 Nxg4+ 32. Kd2 Nh2 33. Rf2
Nhf3+ 34. Ke2 Nd4+ 35. Ke3 Nh3 36. Rd2 Nf4 37. Kf2 Kf6 38. Nf1 Ra2 39. Ke3 Kg5
40. c3 Rxd2 41. Nxd2 Nde6 42. Nf3+ Kf6 43. Bc4 Nc5 44. Bxf7 Kxf7 45. Nxe5+ Kf6
46. Nxg6 Nxg6 47. Kd4 Ne6+ 48. Kd5 Nef4+ 49. Kd6 Ne5 50. Kc5 Ke6 51. Kd4 Kd6
52. Ke3 Ne6 53. Kd2 Kc5 54. Kc2 Kc4 55. Kd2 Kb3 56. c4 Kxc4 57. Ke3 Kc3 58. Ke2
Kc2 59. Ke3 Kc1 60. Kf2 Kd2 61. Kg3 Ke3 62. Kh4 Kf4 63. Kh5 Kg3 64. Kh6 Kg4 65.
Kh7 Kg5 66. Kg8 Kg6 67. Kh8 Nf7+ 68. Kg8 Nh6+ 69. Kh8 Nd8 0-1

[Event "PILSEN OPEN 2018 - FIDE open"]
[Site "Plzen"]
[Date "2018.11.20"]
[Round "3"]
[White "Bechynsky, Jan"]
[Black "Lys, Josef"]
[Result "0-1"]
[WhiteElo "1874"]
[BlackElo "2063"]
[PlyCount "88"]
[EventDate "2018.11.18"]

1. e4 c5 2. c3 d5 3. exd5 Qxd5 4. d4 cxd4 5. cxd4 Nc6 6. Nf3 Bg4 7. Be2 e6 8.
Nc3 Bb4 9. a3 Bxc3+ 10. bxc3 Nge7 11. O-O Rd8 12. h3 Bh5 13. Rb1 Rd7 14. Rb5
Bxf3 15. Rxd5 Bxd5 16. Bf3 O-O 17. Re1 Rc8 18. h4 b5 19. h5 h6 20. g4 Nd8 21.
Bd2 f6 22. Be2 a6 23. Bd3 Nf7 24. f4 Nd6 25. Bb1 Rdc7 26. Qc2 f5 27. g5 Be4 28.
Qb3 Nd5 29. Bxe4 Nxe4 30. Rxe4 fxe4 31. f5 Rc4 32. fxe6 e3 33. Be1 hxg5 34. Kg2
Re8 35. a4 Rxe6 36. axb5 axb5 37. Qxb5 Nf4+ 38. Kf3 Rc8 39. Qxg5 Nd3 40. Qd5
Nxe1+ 41. Ke2 Rce8 42. Kxe1 e2 43. c4 Kh8 44. c5 Ra6 0-1

[Event "PILSEN OPEN 2018 - FIDE open"]
[Site "Plzen"]
[Date "2018.11.20"]
[Round "3"]
[White "Folkova, Martina"]
[Black "Hodan, Jiri"]
[Result "1-0"]
[WhiteElo "2014"]
[BlackElo "1906"]
[PlyCount "57"]
[EventDate "2018.11.18"]

1. e4 e5 2. Nf3 Nf6 3. Nc3 Nc6 4. Bb5 Bb4 5. d3 d6 6. Bg5 h6 7. Bh4 Bg4 8. O-O
g5 9. Bg3 a6 10. Ba4 b5 11. Bb3 Nd4 12. Nd5 Bc5 13. c3 Nxf3+ 14. gxf3 Bh3 15.
Re1 c6 16. d4 Ba7 17. Ne3 Qc7 18. Nf5 Rd8 19. Qe2 h5 20. Nxd6+ Qxd6 21. dxe5
Qc5 22. exf6 h4 23. Bc7 Rd7 24. Ba5 Qe5 25. f4 Qxf4 26. Rad1 b4 27. Bxf7+ Kf8
28. Rxd7 Bb8 29. Bxb4+ 1-0

[Event "PILSEN OPEN 2018 - FIDE open"]
[Site "Plzen"]
[Date "2018.11.20"]
[Round "3"]
[White "Eret, Jonas"]
[Black "Svetly, Jiri"]
[Result "1-0"]
[WhiteElo "2223"]
[BlackElo "1885"]
[PlyCount "167"]
[EventDate "2018.11.18"]

1. d4 Nf6 2. Bf4 d5 3. Nf3 g6 4. e3 Bg7 5. h3 O-O 6. Be2 c5 7. O-O cxd4 8. exd4
Nc6 9. c3 Ne4 10. Nbd2 Nd6 11. a4 a5 12. Qb3 Be6 13. Ng5 Qd7 14. Nxe6 fxe6 15.
Bh2 Kh8 16. Nf3 Ne4 17. Rad1 Bh6 18. Bd3 Rxf3 19. Bxe4 Rf6 20. Bf3 Bf4 21. Bxf4
Rxf4 22. Rde1 Raf8 23. Re2 Rxf3 24. gxf3 e5 25. f4 Rxf4 26. Re3 exd4 27. Rg3
dxc3 28. bxc3 Ne5 29. Kg2 Qc6 30. Qb5 Rxa4 31. Qxc6 Nxc6 32. Rb1 Nd8 33. Re3 e6
34. Rb6 Rc4 35. Rd6 Rc8 36. Rf3 Kg8 37. Rf4 Ra8 38. Ra4 b5 39. Ra3 Kf7 40. Rb6
Ke7 41. Rxb5 Nc6 42. Rb7+ Kd6 43. Rxh7 Ne5 44. Ra4 Ra6 45. f4 Nc6 46. Kf3 e5
47. fxe5+ Nxe5+ 48. Kf4 Nc4 49. Kg5 Kc6 50. Rf7 Kb5 51. Ra2 Nd6 52. Re7 Ne4+
53. Kf4 Kb6 54. Rg7 Kc5 55. Ke5 a4 56. Rc7+ Kb6 57. Rd7 Ra5 58. Kd4 a3 59. c4
Ra4 60. Rxd5 Nd2 61. Kc3 Nxc4 62. Kb3 Kc6 63. Rg5 Nb2 64. Rxg6+ Kd7 65. Rxa3
Rxa3+ 66. Kxa3 Nc4+ 67. Kb4 Ne5 68. Rg3 Ke6 69. h4 Kf5 70. h5 Nf7 71. Kc5 Ke5
72. Rg7 Kf6 73. Rg6+ Ke5 74. h6 Kf5 75. Rc6 Ng5 76. Kd5 Nh7 77. Re6 Nf6+ 78.
Kd6 Kg5 79. Ke7 Kf5 80. Ra6 Kg5 81. Kd8 Kf5 82. Ke7 Nh7 83. Kf7 Ng5+ 84. Kg7
1-0

[Event "PILSEN OPEN 2018 - FIDE open"]
[Site "Plzen"]
[Date "2018.11.20"]
[Round "3"]
[White "Hager, Eberhard"]
[Black "Chudinovskikh, Alexander M"]
[Result "0-1"]
[WhiteElo "1769"]
[BlackElo "2207"]
[PlyCount "62"]
[EventDate "2018.11.18"]

1. e4 g6 2. d4 Bg7 3. Nc3 a6 4. Be3 b5 5. a3 Bb7 6. Bd3 d6 7. f3 Nd7 8. Nge2 c5
9. dxc5 dxc5 10. Ng3 h5 11. h4 Qc7 12. Bf2 e6 13. Nf1 Ne7 14. Bg3 Ne5 15. Be2
Rd8 16. Qc1 N7c6 17. Rh3 Nd4 18. Ne3 b4 19. axb4 cxb4 20. Ncd1 O-O 21. Bd3 Rd7
22. Kf1 Rc8 23. Nc4 Nb3 24. cxb3 Rxd3 25. Qf4 Qd8 26. Nf2 Nxc4 27. bxc4 Rd2 28.
Rb1 Rxc4 29. Kg1 Rcc2 30. Qg5 Qxg5 31. hxg5 Bd4 0-1

[Event "PILSEN OPEN 2018 - FIDE open"]
[Site "Plzen"]
[Date "2018.11.20"]
[Round "3"]
[White "Riekenbrauk, Joerg"]
[Black "Macho, Miloslav"]
[Result "1/2-1/2"]
[WhiteElo "1926"]
[BlackElo "1706"]
[PlyCount "39"]
[EventDate "2018.11.18"]

1. e4 Nf6 2. Nc3 d5 3. e5 d4 4. exf6 dxc3 5. fxg7 cxd2+ 6. Bxd2 Bxg7 7. Qf3 Nd7
8. O-O-O c6 9. Bc3 Bxc3 10. Qxc3 Rg8 11. Bc4 Qc7 12. Nf3 Qf4+ 13. Kb1 Rxg2 14.
Rd4 Qf6 15. Qe3 Nb6 16. Bb3 Be6 17. Bxe6 fxe6 18. c4 e5 19. Re4 O-O-O 20. Rf1
1/2-1/2

[Event "PILSEN OPEN 2018 - FIDE open"]
[Site "Plzen"]
[Date "2018.11.20"]
[Round "3"]
[White "Borovicka, Bohumil"]
[Black "Hosnedl, Jiri"]
[Result "1/2-1/2"]
[WhiteElo "1916"]
[BlackElo "1687"]
[PlyCount "67"]
[EventDate "2018.11.18"]

1. e4 e5 2. Nf3 Nf6 3. Nc3 Nc6 4. d4 exd4 5. Nxd4 Bb4 6. Nxc6 bxc6 7. Bd3 d5 8.
exd5 cxd5 9. O-O O-O 10. h3 c6 11. Bg5 Rb8 12. Qf3 Be6 13. Bxf6 Qxf6 14. Qxf6
gxf6 15. Na4 Bd6 16. c3 c5 17. b3 a5 18. Rfd1 Rfd8 19. Rab1 Bd7 20. Nb2 Be5 21.
c4 Bxb2 22. Rxb2 d4 23. Re2 Re8 24. Rde1 Re6 25. f4 Rbe8 26. Kf2 Bc6 27. g4
Rxe2+ 28. Rxe2 Rxe2+ 29. Kxe2 h6 30. Kf2 Kf8 31. Kg3 Kg7 32. h4 Bb7 33. f5 Bc6
34. Kf4 1/2-1/2

[Event "PILSEN OPEN 2018 - FIDE open"]
[Site "Plzen"]
[Date "2018.11.20"]
[Round "3"]
[White "Vandurme, Philippe"]
[Black "Aird, Ian"]
[Result "1-0"]
[WhiteElo "1478"]
[BlackElo "1852"]
[PlyCount "89"]
[EventDate "2018.11.18"]

1. d4 d5 2. Bf4 Nf6 3. e3 c5 4. c3 Nc6 5. Nd2 Bf5 6. Ngf3 e6 7. Bb5 a6 8. Be2
Be7 9. O-O O-O 10. h3 h6 11. Re1 Bh7 12. Nf1 Ne4 13. Ng3 g5 14. Be5 f6 15. Nxe4
dxe4 16. Nxg5 hxg5 17. Bg3 Kg7 18. Qb3 Qc8 19. Rad1 b5 20. dxc5 Bxc5 21. Rd2
Ne7 22. Red1 Nd5 23. h4 gxh4 24. Bxh4 Ra7 25. c4 bxc4 26. Bxc4 Bg8 27. Bg3 Be7
28. Rc1 Qb7 29. Qd1 f5 30. Qh5 Bf7 31. Be5+ Bf6 32. Qg5+ Bg6 33. Bxd5 exd5 34.
Qg3 Qd7 35. Rdc2 Kh6 36. Qf4+ Kh5 37. Qh2+ Bh4 38. g3 Qe7 39. gxh4 Qxh4 40.
Qxh4+ Kxh4 41. Bf4 Bh5 42. Rc5 Bf3 43. Rxd5 Rh7 44. Rc7 Rg8+ 45. Bg3+ 1-0

[Event "PILSEN OPEN 2018 - FIDE open"]
[Site "Plzen"]
[Date "2018.11.20"]
[Round "3"]
[White "Held, Martin"]
[Black "Rezny, Frantisek"]
[Result "1-0"]
[WhiteElo "1848"]
[BlackElo "1526"]
[PlyCount "25"]
[EventDate "2018.11.18"]

1. e4 e5 2. Nf3 Nc6 3. Nc3 Bc5 4. Nxe5 Bxf2+ 5. Kxf2 Nxe5 6. d4 Nc6 7. Nd5 Nge7
8. Bg5 O-O 9. Nf6+ gxf6 10. Bxf6 d6 11. Qh5 Ng6 12. Bxd8 Rxd8 13. c3 1-0

[Event "PILSEN OPEN 2018 - FIDE open"]
[Site "Plzen"]
[Date "2018.11.21"]
[Round "4"]
[White "Dambrauskas, Virginijus"]
[Black "Palek, Miroslav"]
[Result "1-0"]
[WhiteElo "2298"]
[BlackElo "2166"]
[PlyCount "51"]
[EventDate "2018.11.18"]

1. Nf3 Nf6 2. c4 e6 3. Nc3 {[%emt 0:00:00]} d5 {[%emt 0:00:16]} 4. d4 Nbd7 5.
cxd5 exd5 6. Bf4 c6 7. e3 Be7 8. h3 O-O 9. Bd3 Re8 10. O-O Nf8 11. Qc2 Ng6 12.
Bh2 Bd6 13. Bxd6 Qxd6 14. a3 Qe7 15. b4 Ne4 16. b5 Bf5 17. bxc6 bxc6 18. Ne2
Qd7 19. Kh2 Rab8 20. Nc3 Rb7 21. Bxe4 dxe4 22. Nd2 Nh4 23. Rfb1 Rxb1 24. Rxb1
Nf3+ 25. Kh1 Qd6 26. Nxf3 1-0

[Event "PILSEN OPEN 2018 - FIDE open"]
[Site "Plzen"]
[Date "2018.11.21"]
[Round "4"]
[White "Folkova, Martina"]
[Black "Plischki, Sebastian"]
[Result "0-1"]
[WhiteElo "2014"]
[BlackElo "2419"]
[PlyCount "100"]
[EventDate "2018.11.18"]

1. e4 c5 2. Nf3 d6 3. d4 cxd4 4. Nxd4 Nf6 5. Nc3 Nc6 6. Bc4 e6 7. Be3 a6 8. Qe2
Qc7 9. O-O-O Bd7 10. Bb3 b5 11. a3 Na5 12. Kb1 Rc8 13. g4 Nc4 14. Bxc4 Qxc4 15.
f3 Qxe2 16. Ncxe2 h6 17. h4 g6 18. Ng3 e5 19. Nde2 Be6 20. g5 hxg5 21. hxg5
Rxh1 22. Rxh1 Nd7 23. Nc3 Rb8 24. Nd5 Bxd5 25. exd5 f5 26. gxf6 Nxf6 27. Rd1
Be7 28. b3 Kf7 29. Kb2 Rh8 30. c4 Rh3 31. Bf2 Nh5 32. Ne4 bxc4 33. bxc4 Rxf3
34. c5 Rf4 35. c6 Ke8 36. Rc1 Kd8 37. Bb6+ Kc8 38. Nc3 Rh4 39. Kb3 Nf4 40. Rd1
g5 41. Na4 g4 42. Ba5 Bd8 43. Bxd8 Kxd8 44. Nb6 g3 45. Na8 g2 46. Rc1 Nxd5 47.
Rd1 Rh1 48. Rxd5 g1=Q 49. Rxd6+ Kc8 50. c7 Qb1+ 0-1

[Event "PILSEN OPEN 2018 - FIDE open"]
[Site "Plzen"]
[Date "2018.11.21"]
[Round "4"]
[White "Jezek, Jan"]
[Black "Lys, Josef"]
[Result "1/2-1/2"]
[WhiteElo "2171"]
[BlackElo "2063"]
[PlyCount "97"]
[EventDate "2018.11.18"]

1. d4 Nf6 2. Nf3 d5 3. Bf4 Nh5 4. Bg5 h6 5. Be3 Bf5 6. g3 e6 7. Bg2 Nd7 8. O-O
Bd6 9. c4 c6 10. c5 Bc7 11. Nc3 O-O 12. b4 a6 13. Qd2 g5 14. a4 Qe7 15. b5 axb5
16. axb5 Ng7 17. Qb2 Ba5 18. Na2 Qd8 19. b6 Qf6 20. Nc1 Ra6 21. Nb3 Rfa8 22.
Ne5 Nb8 23. Bd2 Bxd2 24. Nxd2 Qe7 25. Rxa6 Rxa6 26. g4 Bh7 27. e4 Ne8 28. Ra1
Nf6 29. Rxa6 Nxa6 30. Qa3 Qe8 31. f3 Qc8 32. Kf2 Kf8 33. Ke3 Ke7 34. Bf1 Nb8
35. Qa8 Nfd7 36. Nxd7 Kxd7 37. Qa7 dxe4 38. fxe4 e5 39. dxe5 Ke6 40. Bc4+ Ke7
41. e6 fxe6 42. Qa1 Qf8 43. Qe5 Nd7 44. Qd6+ Ke8 45. Qxf8+ Kxf8 46. Nb3 Ke7 47.
h3 e5 48. Kf3 Nf6 49. Bd3 1/2-1/2

[Event "PILSEN OPEN 2018 - FIDE open"]
[Site "Plzen"]
[Date "2018.11.21"]
[Round "4"]
[White "Michalczak, Thomas"]
[Black "Paldus, Petr"]
[Result "1/2-1/2"]
[WhiteElo "2163"]
[BlackElo "2014"]
[PlyCount "112"]
[EventDate "2018.11.18"]

1. e4 e5 2. Nf3 Nc6 3. Bb5 Nf6 4. d3 Bc5 5. Nbd2 d6 6. O-O a6 7. Bxc6+ bxc6 8.
Nc4 Be6 9. Be3 Bxe3 10. Nxe3 Ng4 11. h3 Nxe3 12. fxe3 O-O 13. Qe1 f5 14. exf5
Rxf5 15. e4 Rf4 16. d4 exd4 17. Nxd4 Rxf1+ 18. Qxf1 Qd7 19. Qd3 c5 20. Nf5 Qb5
21. Qc3 Bxf5 22. exf5 Rb8 23. b3 Qb4 24. Qe3 Qd4 25. Qxd4 cxd4 26. c3 dxc3 27.
Rc1 Re8 28. Rxc3 Re1+ 29. Kf2 Ra1 30. Rc2 c5 31. Kf3 Kf7 32. Rd2 Ke7 33. g4
Rf1+ 34. Ke4 Re1+ 35. Kf4 h6 36. Rd3 Re2 37. a3 Rf2+ 38. Ke4 Re2+ 39. Kf4 Re1
40. b4 cxb4 41. axb4 Rb1 42. Rd4 Rb3 43. h4 Rh3 44. h5 Rh1 45. f6+ gxf6 46. Kf5
Rg1 47. Kg6 Ke6 48. Re4+ Kd5 49. Rf4 Ke5 50. Rf5+ Ke4 51. Rxf6 Rxg4+ 52. Kxh6
Ke5 53. Rg6 Rxb4 54. Rg5+ Kf6 55. Rg6+ Ke5 56. Rg5+ Kf6 1/2-1/2

[Event "PILSEN OPEN 2018 - FIDE open"]
[Site "Plzen"]
[Date "2018.11.21"]
[Round "4"]
[White "Ochedzan, Tymon"]
[Black "Moreno Martin, Daniel"]
[Result "0-1"]
[WhiteElo "1944"]
[BlackElo "2190"]
[PlyCount "146"]
[EventDate "2018.11.18"]

1. e4 e6 2. d4 d5 3. Nc3 Nf6 4. e5 Nfd7 5. f4 c5 6. Nf3 Nc6 7. Be3 a6 8. Qd2 b5
9. a3 Qa5 10. Rd1 b4 11. axb4 Qxb4 12. b3 Bb7 13. Be2 cxd4 14. Nxd4 Rc8 15. Na2
Qa3 16. c3 Nc5 17. Nxc6 Nxb3 18. Qc2 Bxc6 19. Rb1 Nc5 20. Rb6 Qa5 21. Rb1 Be7
22. Bd2 Bd8 23. Rb2 Ne4 24. Nb4 Bb5 25. Bxb5+ axb5 26. Na2 Qa7 27. Rf1 Bb6 28.
Qd3 Rc4 29. f5 Nxd2 30. Rxd2 Re4+ 31. Re2 O-O 32. fxe6 Rxe2+ 33. Qxe2 fxe6 34.
Rxf8+ Kxf8 35. Qf3+ Qf7 36. Qg3 Qf5 37. Nb4 Qb1+ 38. Kd2 Qf5 39. Nd3 h6 40. Kc2
Kg8 41. h3 Qe4 42. Kd2 d4 43. cxd4 Qxd4 44. Qg6 Qd5 45. h4 Bd8 46. h5 Bg5+ 47.
Ke1 Qc6 48. Kd1 Kf8 49. g3 Qg2 50. Nf4 Bxf4 51. Qd3 Qh1+ 52. Ke2 Qxh5+ 53. Kf2
Bxe5 54. Qd8+ Qe8 55. Qd3 Kg8 56. g4 b4 57. Qc4 Qf8+ 58. Kg2 Qd6 59. Qc8+ Kh7
60. Qc2+ g6 61. Kf3 Qd5+ 62. Kf2 Qd4+ 63. Kf3 Qc3+ 64. Qxc3 Bxc3 65. g5 hxg5
66. Kg4 Kh6 67. Kh3 b3 68. Kg4 b2 69. Kh3 Kh5 70. Kg2 b1=Q 71. Kh2 Qc2+ 72. Kh3
g4+ 73. Kg3 Be5# 0-1

[Event "PILSEN OPEN 2018 - FIDE open"]
[Site "Plzen"]
[Date "2018.11.21"]
[Round "4"]
[White "Vlk, Miloslav"]
[Black "Simet, Martin"]
[Result "0-1"]
[WhiteElo "1978"]
[BlackElo "2165"]
[PlyCount "44"]
[EventDate "2018.11.18"]

1. c4 e5 2. Nc3 Nf6 3. Nf3 Nc6 4. e3 a6 5. d4 exd4 6. Nxd4 g6 7. Be2 Bg7 8. Bf3
Ne5 9. b3 c5 10. Nc2 Nxf3+ 11. Qxf3 Rb8 12. Bb2 O-O 13. Qg3 d6 14. O-O-O Bf5
15. Qxd6 Qa5 16. f3 Rfd8 17. Qg3 b5 18. cxb5 axb5 19. e4 Be6 20. Nd5 Bxd5 21.
exd5 Qxa2 22. Na1 Ne4 0-1

[Event "PILSEN OPEN 2018 - FIDE open"]
[Site "Plzen"]
[Date "2018.11.21"]
[Round "4"]
[White "Duzy, Stefan"]
[Black "Barbier, Astrid"]
[Result "1/2-1/2"]
[WhiteElo "2024"]
[BlackElo "1931"]
[PlyCount "31"]
[EventDate "2018.11.18"]

1. e4 c5 2. Nf3 g6 3. d4 cxd4 4. Nxd4 Nc6 5. Nc3 Bg7 6. Be3 Nf6 7. Bc4 O-O 8.
Bb3 a5 9. O-O d6 10. h3 Nd7 11. Bxf7+ Rxf7 12. Ne6 Qe8 13. Nc7 Qd8 14. Ne6 Qe8
15. Nc7 Qd8 16. Ne6 1/2-1/2

[Event "PILSEN OPEN 2018 - FIDE open"]
[Site "Plzen"]
[Date "2018.11.21"]
[Round "4"]
[White "Pacl, Vaclav"]
[Black "Berka, Lubos"]
[Result "1-0"]
[WhiteElo "1998"]
[BlackElo "1755"]
[PlyCount "89"]
[EventDate "2018.11.18"]

1. Nf3 Nf6 2. d4 g6 3. Nbd2 d5 4. e3 Bg4 5. h3 Bxf3 6. Qxf3 e6 7. Bd3 Bg7 8.
O-O Nbd7 9. e4 dxe4 10. Nxe4 Nxe4 11. Bxe4 c6 12. c3 O-O 13. Bf4 Nb6 14. Rad1
Nd5 15. Bg3 Qf6 16. Qe2 h5 17. Be5 Qh4 18. Bxg7 Kxg7 19. Rfe1 Rad8 20. Kh2 Qf4+
21. g3 Qc7 22. h4 Rd7 23. Bf3 Qd8 24. Rd3 Qf6 25. Qd2 Rfd8 26. Bd1 Nb6 27. Rf3
Qe7 28. Qf4 Kh7 29. Bc2 Kg7 30. Bb3 Kh7 31. Re5 Nd5 32. Bxd5 cxd5 33. g4 hxg4
34. Qxg4 f5 35. Qf4 Kg7 36. Rg3 Rh8 37. Rg5 Qf6 38. Re3 Kf7 39. Kg2 Rh5 40.
Reg3 Rxg5 41. hxg5 Qg7 42. Rh3 Re7 43. Qh2 Kg8 44. Qb8+ Qf8 45. Rh8+ 1-0

[Event "PILSEN OPEN 2018 - FIDE open"]
[Site "Plzen"]
[Date "2018.11.21"]
[Round "4"]
[White "Soutner, Jaroslav"]
[Black "Bartonicek, Zdenek"]
[Result "0-1"]
[WhiteElo "1734"]
[BlackElo "1951"]
[PlyCount "64"]
[EventDate "2018.11.18"]

1. e4 e5 2. Nf3 Nc6 3. Bb5 a6 4. Ba4 Nf6 5. O-O Be7 6. Re1 b5 7. Bb3 d6 8. c3
Bg4 9. d3 Na5 10. Bc2 c5 11. Nbd2 O-O 12. Nf1 Re8 13. Ng3 g6 14. h3 Bc8 15. Nh2
d5 16. exd5 Qxd5 17. Bg5 Bb7 18. Nf3 Nd7 19. Bxe7 Rxe7 20. Qd2 Qd6 21. Ne4 Bxe4
22. Rxe4 Nf6 23. Rh4 e4 24. Ng5 e3 25. fxe3 Nc4 26. Qc1 Nxe3 27. Ne4 Nxe4 28.
Rxe4 Rxe4 29. dxe4 Qg3 30. Qd2 Re8 31. Rc1 Nxg2 32. Qd3 Ne3+ 0-1

[Event "PILSEN OPEN 2018 - FIDE open"]
[Site "Plzen"]
[Date "2018.11.21"]
[Round "4"]
[White "Giemsa, Alexander"]
[Black "Horyna, Josef"]
[Result "1/2-1/2"]
[WhiteElo "1921"]
[BlackElo "1695"]
[PlyCount "90"]
[EventDate "2018.11.18"]

1. e4 e6 2. Nc3 g6 3. d4 Bg7 4. Nf3 d6 5. Bc4 c6 6. Bg5 Qc7 7. O-O h6 8. Bf4 e5
9. dxe5 dxe5 10. Bg3 Bg4 11. h3 Bxf3 12. Qxf3 Nf6 13. Bh4 Nbd7 14. Rad1 O-O 15.
Rd2 Nb6 16. Bb3 g5 17. Bg3 Rad8 18. Rfd1 Rxd2 19. Rxd2 Nfd7 20. a3 Nc5 21. Ba2
Qe7 22. Nd1 Ne6 23. Ne3 Nf4 24. Nf5 Qc7 25. Qd1 Kh7 26. Rd6 Ng6 27. c4 c5 28.
f3 Re8 29. Nxg7 Kxg7 30. Bf2 Re7 31. b4 cxb4 32. Bxb6 axb6 33. axb4 Nf8 34. Qd5
Re6 35. c5 bxc5 36. bxc5 Qe7 37. Rb6 Rxb6 38. cxb6 Qe6 39. Qa5 Qd6 40. Bd5 Nd7
41. Bxb7 Qxb6+ 42. Qxb6 Nxb6 43. Kf2 Nc4 44. Bd5 Nd6 45. g4 Ne8 1/2-1/2

[Event "PILSEN OPEN 2018 - FIDE open"]
[Site "Plzen"]
[Date "2018.11.21"]
[Round "4"]
[White "Lohia, Sohum"]
[Black "Vachal, Josef"]
[Result "1/2-1/2"]
[WhiteElo "1562"]
[BlackElo "1807"]
[PlyCount "51"]
[EventDate "2018.11.18"]

1. e4 e6 2. b3 d5 3. Bb2 dxe4 4. Nc3 Nf6 5. g4 Bb4 6. g5 Nfd7 7. Nxe4 O-O 8.
Qe2 Nc6 9. O-O-O b6 10. Bg2 Bb7 11. Nf3 Qe7 12. Kb1 a5 13. h4 a4 14. h5 axb3
15. axb3 Ba3 16. Ba1 Bd6 17. Nxd6 Rxa1+ 18. Kxa1 Qxd6 19. Kb2 Nd4 20. Qe3 c5
21. Rhg1 e5 22. Nxd4 cxd4 23. Qh3 e4 24. d3 Nc5 25. dxe4 d3 26. Qe3 1/2-1/2